|
|
|
|
| LEADER |
00000nam a2200000 a 4500 |
| 001 |
vtls001432969 |
| 003 |
SK-MaSNL |
| 005 |
20260331204540.0 |
| 008 |
251029s2001 xo aap rd 0yy slo |
| 015 |
|
|
|a SNBA2002/07-02423
|
| 020 |
|
|
|a 8096853309
|
| 035 |
|
|
|a SNK000388035
|
| 035 |
|
|
|a urn:nbn:sk:snk-amk1yh
|
| 035 |
|
|
|a urn:nbn:sk:snk-am0086ef
|
| 035 |
|
|
|a D7CFFEC4-EE63-425D-B336-E61C0255F1F8
|
| 040 |
|
|
|a SNK
|b slo
|c SNK
|e AACR2
|
| 041 |
0 |
|
|a slo
|
| 044 |
|
|
|a xo
|c SK
|
| 080 |
|
|
|a 908.498
|2 1981
|
| 080 |
|
|
|a 908.234.421
|2 1981
|
| 100 |
1 |
|
|a Krno, Svetozár,
|d 1955-
|4 pht
|9 85815
|
| 245 |
1 |
0 |
|a Dvetisíc kilometrov od Železných vrát po Devín
|b 78 dní po karpatskom oblúku
|c Svetozár Krno
|
| 260 |
|
|
|a Bratislava
|b Karpaty-Infopress
|c 2001
|
| 300 |
|
|
|a 160 s., [16] s. fareb. obr. príl.
|b fotogr. (prevažne fareb.), tab.
|c 24 cm
|
| 490 |
1 |
|
|a Hory-diaľavy
|v č. 1
|
| 500 |
|
|
|a Fotogr. na front.
|
| 500 |
|
|
|a Fotogr.: Pavol Mach ... [et al.]
|
| 504 |
|
|
|a Bibliogr. s. 132-133. Men. zoz. Res. slov., nem. a rumun.
|
| 655 |
|
7 |
|a príručky
|2 SNK
|9 74364
|
| 700 |
1 |
|
|a Mach, Pavel
|4 pht
|9 438523
|
| 700 |
1 |
|
|a Calpaš, Ľuboš
|4 pht
|9 508141
|
| 700 |
1 |
|
|a Ondráška, Pavol
|4 pht
|9 585319
|
| 700 |
1 |
|
|a Puškár, Marián
|4 pht
|9 585320
|
| 700 |
1 |
|
|a Holúbek, Peter,
|d 1966-
|4 pht
|9 191766
|
| 830 |
|
0 |
|a Hory-diaľavy
|9 343153
|
| 919 |
|
|
|a 80-968533-0-9
|
| 958 |
|
|
|a OND
|
| 958 |
|
|
|a TL
|
| 958 |
|
|
|a NB
|
| 999 |
|
|
|c 900143
|d 902073
|
| 952 |
|
|
|t P60, <03>, [BOOK], {603}
|a SNK
|b SNK
|y PREZ
|7 0
|p 17A0342150
|o snkSC 107791
|i snkKSP 4883/2002
|0 0
|1 0
|4 0
|d 2002-04-29
|f 1
|l 0
|r 2025-09-29 00:00:00
|w 2026-02-24
|
| 952 |
|
|
|t P60, <04>, [BOOK], {604}
|a SNK
|b SNK
|y VYP
|7 0
|p 17A0342151
|o snkSC 107791 D1
|i snkKSP 4884/2002
|0 0
|1 0
|4 0
|d 2002-04-29
|l 0
|r 2005-01-02 00:00:00
|w 2026-02-24
|